[Event "New York State-ch 138th"]
[Site "Colonie"]
[Date "2016.09.05"]
[Round "5"]
[White "Chiku Ratte, Olivier Kenta"]
[Black "Park, Sangmin"]
[Result "1-0"]
[WhiteElo "2430"]
[BlackElo "1726"]
[PlyCount "61"]
[EventDate "2016.09.02"]
[EventType "swiss"]
[EventRounds "6"]
[EventCountry "USA"]
[SourceTitle "CBM 174 Extra"]
[Source "ChessBase"]
[SourceDate "2016.10.10"]
[SourceVersion "1"]
[SourceVersionDate "2016.10.10"]
[SourceQuality "1"]

1. d4 Nf6 2. c4 g6 3. Nc3 Bg7 4. e4 d6 5. f4 0-0 6. Nf3 c5 7. d5 Na6 8. Be2 Nc7 9. 0-0 e6 10. Nd2 exd5 11. cxd5 Re8 12. a4 Bd7 13. g4 Qe7 14. Bf3 b5 15. g5 Nfxd5 16. Nxd5 Nxd5 17. exd5 Qe3+ 18. Kh1 Qxf4 19. Ne4 Qh4 20. Nf6+ Bxf6 21. gxf6 Qxf6 22. Bg2 Qe7 23. Qf3 Bf5 24. axb5 Qb7 25. Qg3 Be4 26. Bxe4 Rxe4 27. Qxd6 Qxb5 28. Bh6 Rh4 29. Rxf7 Rxh2+ 30. Qxh2 Kxf7 31. Qc7+ 1-0